000 00625nam a2200241 i 4500
001 C2-0262445
003 PPAK
005 20180727231601.0
008 050206s2004 my |||| ||||| | may d
020 _a9836284621
040 _aPPAK
_beng
_cPPAK
_erda
082 0 4 _a899.233
_223
090 0 0 _a899.233
_bOSM
_dG
100 0 _aOsman Dol,
_eauthor
245 1 0 _aSinar damai
264 1 _aKuala Lumpur :
_bDewan Bahasa dan Pustaka ,
_c2004
300 _a178 pages ;
_c19 cm
336 _2rdacontent
_atext
337 _2rdamedia
_aunmediated
338 _2rdacarrier
_avolume
650 1 0 _aMalay fiction
942 _ddc
_cB
999 _c72889
_d72889